00466 a2200145 4500003000500000005001700005040000900022082001100031245007400042505003000116650002100146651003100167999001900198952010300217Nust20170207154601.0 cNust a025.34 aStarting business english : Units : 1-2, side 1: units: 3-4, side 2  aAlmirah No.73 shelf No.6  aEnglish learning aStarting business english  c198603d198603 00102ddc40708NFICaMCSbMCSd2016-12-12l0o025.34 STApMCSCts-17r2016-12-08w2016-12-12yBK